Normal view
MARC view
Entry Personal Name
001 - CONTROL NUMBER
- control field: 6953
003 - CONTROL NUMBER IDENTIFIER
- control field: OSt
005 - DATE AND TIME OF LATEST TRANSACTION
- control field: 20211028143925.0
008 - FIXED-LENGTH DATA ELEMENTS
- fixed length control field: 211028|| aca||aabn | a|a d
040 ## - CATALOGING SOURCE
- Original cataloging agency: OSt
- Transcribing agency: OSt
100 ## - HEADING--PERSONAL NAME
- Personal name: Mascarenhas, Allwyn; Kairanna, Sneha S.
- Miscellaneous information: 1116005
670 ## - SOURCE DATA FOUND
- Source citation: Work cat.: (OSt): Mascarenhas, Allwyn; Kairanna, Sneha S. 1116005, Study on decrease in the customer interest towards blackberrys menswear Mangalore., 2013